MARC details
| 000 -LEADER |
| fixed length control field |
03651cam a22003617i 4500 |
| 001 - CONTROL NUMBER |
| control field |
18622686 |
| 003 - CONTROL NUMBER IDENTIFIER |
| control field |
GZU |
| 005 - DATE AND TIME OF LATEST TRANSACTION |
| control field |
20210428093002.0 |
| 008 - FIXED-LENGTH DATA ELEMENTS--GENERAL INFORMATION |
| fixed length control field |
150519s2016 enk b 001 0 eng |
| 010 ## - LIBRARY OF CONGRESS CONTROL NUMBER |
| LC control number |
2015006436 |
| 020 ## - INTERNATIONAL STANDARD BOOK NUMBER |
| International Standard Book Number |
9781138830080 (hardback) |
| 040 ## - CATALOGING SOURCE |
| Original cataloging agency |
DLC |
| Language of cataloging |
eng |
| Transcribing agency |
DLC |
| Description conventions |
rda |
| Modifying agency |
DLC |
| 050 00 - LIBRARY OF CONGRESS CALL NUMBER |
| Classification number |
HT391 |
| Item number |
.CUL 2016 |
| 082 00 - DEWEY DECIMAL CLASSIFICATION NUMBER |
| Classification number |
307.1/2 |
| Edition number |
23 |
| 245 00 - TITLE STATEMENT |
| Title |
Cultural sustainability and regional development : |
| Remainder of title |
theories and practices of territorialism / |
| Statement of responsibility, etc. |
edited by Joost Dessein, Elena Battaglini and Lummina Horlings. |
| 264 #1 - PRODUCTION, PUBLICATION, DISTRIBUTION, MANUFACTURE, AND COPYRIGHT NOTICE |
| Place of production, publication, distribution, manufacture |
Abingdon, Oxon ; |
| -- |
New York, NY : |
| Name of producer, publisher, distributor, manufacturer |
Routledge, is an imprint of the Taylor & Francis Group, an Informa business, |
| Date of production, publication, distribution, manufacture, or copyright notice |
2016. |
| 300 ## - PHYSICAL DESCRIPTION |
| Extent |
xiv, 267 pages ; |
| Dimensions |
24 cm |
| 336 ## - CONTENT TYPE |
| Content type term |
text |
| Content type code |
txt |
| Source |
rdacontent |
| 337 ## - MEDIA TYPE |
| Media type term |
unmediated |
| Media type code |
n |
| Source |
rdamedia |
| 338 ## - CARRIER TYPE |
| Carrier type term |
volume |
| Carrier type code |
nc |
| Source |
rdacarrier |
| 504 ## - BIBLIOGRAPHY, ETC. NOTE |
| Bibliography, etc. note |
Includes bibliographical references and index. |
| 505 0# - FORMATTED CONTENTS NOTE |
| Formatted contents note |
Introduction : The role of culture in territorialisation / Lummina G. Horlings, Elena Battaglini and Joost Dessein -- Sustainable Places : Place as a Vector of Culture : Two cases from Mexico / Michael Redclift and David Manuel-Navarrete -- Territorialisation and the Assemblage of Rural Place : Examples from Canada and New Zealand / Michael Woods -- The Worldview and Symbolic Dimension in Territorialisation : How Human Values Play a Role in a Dutch Neighbourhood / Lummina Horlings -- Nature and Culture in Territorialisation Processes : Challenges and Insights from a Case-study in Serbia / Elena Battaglini and Marjia Babovic -- Territoriality as Appropriation of Space : How Engaging with Space Frames Sociality / Leonardo Chiesi -- Exploring Culture and Sustainability in Rural Finland / Mari Kivitalo, Kaisu Kumpulainen and Katriina Soini -- Territorialisation in Practice : The Case of Saffron Cultivation in Morocco / Joost Dessein -- Is There a Place for Place? : How Spaces and Places are Included in the Measures of Sustainable Development and Wellbeing / Annalisa Cicerchia -- Making Territory through Cultural Mapping and Co-Design : How Community Practices Promote Territorialisation / Leonardo Chiesi and Paolo Costa -- How to Scale a Territory? : Experiences from the U.S. / Frans Padt -- Culture matters : Planning Processes and Approaches towards Urban Resilience in European Cities and Urban Regions : Two Examples from Brussels and Ljubljana / Jenny Atmanagara -- Re-Creating and Celebrating Place(s) in Designated Space(s) : The Case of Wales / Eifiona Thomas Lane, Siân Pierce, Arwel Jones and Ian Harris -- Local Maize Practices and the Culture of Seed in Luoland, West Kenya / Paul Hebinck, Nelson Mango and Hellen Kimanthi -- Les Jardins Partagés in Paris : Cultivating Space, Community and Sustainable Way of Life / Monica Caggiano -- A European Valley in South America : Regionalisation, colonisation, and environmental inequalities in Santa Catarina, Brazil / Luciano Félix Florit, Lilian Blanck de Oliveira, Reinaldo Matias Fleuri and Rodrigo Wartha -- Conclusions : Territorialisation, a Challenging Concept for Framing Regional Development / Elena Battaglini, Lummina G. Horlings and Joost Dessein. |
| 650 #0 - SUBJECT ADDED ENTRY--TOPICAL TERM |
| Topical term or geographic name entry element |
Regional planning |
| General subdivision |
Social aspects |
| Form subdivision |
Case studies. |
| 650 #0 - SUBJECT ADDED ENTRY--TOPICAL TERM |
| Topical term or geographic name entry element |
Cultural policy |
| Form subdivision |
Case studies. |
| 650 00 - SUBJECT ADDED ENTRY--TOPICAL TERM |
| Topical term or geographic name entry element |
Sustainable development |
| Form subdivision |
Case studies. |
| 650 #0 - SUBJECT ADDED ENTRY--TOPICAL TERM |
| Topical term or geographic name entry element |
Human ecology |
| Form subdivision |
Case studies. |
| 700 1# - ADDED ENTRY--PERSONAL NAME |
| Personal name |
Dessein, Joost, |
| Dates associated with a name |
1971- |
| 700 1# - ADDED ENTRY--PERSONAL NAME |
| Personal name |
Battaglini, Elena. |
| 700 1# - ADDED ENTRY--PERSONAL NAME |
| Personal name |
Horlings, Lummina. |
| 906 ## - LOCAL DATA ELEMENT F, LDF (RLIN) |
| a |
7 |
| b |
cbc |
| c |
orignew |
| d |
1 |
| e |
ecip |
| f |
20 |
| g |
y-gencatlg |
| 942 ## - ADDED ENTRY ELEMENTS (KOHA) |
| Source of classification or shelving scheme |
Library of Congress Classification |
| Koha item type |
Books |
| Classification part |
391 |
| Item part |
CUL |
| Call number prefix |
HT |